Responses for show #4234 - Thursday, January 16, 2003

Contestants

Sarah Mauldin, a librarian from Austin, Texas

Jonathan Moore, an actor from North Hollywood, California

Boyd Morrison, a video game user testing manager from Seattle, Washington (whose 1-day cash winnings total $11,200)

Jeopardy! Round responses

NATIVE AMERICAN LANGUAGE
FUNNY PAGES
(Alex: We want you to name the comedian who wrote each book.)
FACTS & FIGURES
MOTHERS & FATHERS
FISH
(Alex: And if you have fish you might as well have...)
CHIPS
    $200 26
Inuits

Jonathan
    $200 10
Jerry Seinfeld

Jonathan
    $200 6
Clue

Boyd
    $200 16
Father Flanagan

Sarah
    $200 1
angelfish

Boyd
    $200 21
Chipwich

Triple Stumper
    $400 27
Chinook

Sarah
    $400 11
Jay Leno

Boyd
    $400 7
flashbulbs

Boyd
    $400 17
mom & pop

Sarah
    $400 2
(Boyd: What is flounder?)

sharks

Boyd
Triple Stumper
    $400 22
chipotle

Sarah
    $600 28
Zuni

Boyd
    $600 13
Chris Rock

Jonathan
    $600 8
Robert Louis Stevenson

Sarah
    $600 18
Ma & Pa Kettle

Sarah
    $600 3
whitefish

Triple Stumper
    $600 23
chipped beef on toast

Sarah
    $1,000 29
Illinois

Boyd
    $800 14
Dennis Miller

Boyd
    $800 9
Secretariat

Jonathan
    $800 19
The Mamas & the Papas

Jonathan
    $800 4
trout

Boyd
    $800 24
Bruce Jenner

Sarah
    $1000 30
Apache

Triple Stumper
    $1000 15
Fran Drescher

Boyd
    $1000 12
24

Boyd
    $1000 20
Mamma Mia! (the music of ABBA)

Sarah
    $1000 5
king salmon

Boyd
    $1000 25
Thomas Chippendale

Triple Stumper

Scores at the first commercial break (after clue 15):

Boyd Jonathan Sarah
$5,400 $1,600 $600

Scores at the end of the Jeopardy! Round:

Boyd Jonathan Sarah
$7,000 $2,600 $5,000

Double Jeopardy! Round responses

THE HISTORY CHANNEL
(Alex: That looks like fun!)
FROM THE U.S. CITIZENSHIP TEST
ENGLISH LIT
McMUSIC
THE HOOSIER STATE
"Z" END
(Alex: Each correct response will end with that letter of the alphabet.)
    $400 23
(Jonathan: What is a Brontosaurus?)

Stegosaurus

JonathanSarah
    $400 16
9

Boyd
    $400 21
Charles Dickens

Sarah
    $400 1
Sarah McLachlan

Jonathan
    $400 3
tulip tree

Boyd
    $400 8
pop quiz

Boyd
    $800 27
Leopold and Loeb

Sarah
    $800 17
Executive, Judicial & Legislative

Jonathan
    $800 22
James M. Barrie

Boyd
    $800 2
Tim McGraw

Boyd
    $800 4
(Boyd: What is North Pole?)
(Sarah: What is Christmas?)

Santa Claus

BoydSarah
Triple Stumper
    $800 9
waltz

Jonathan
    $1200 28
the Scorpion King

Jonathan
    $1200 18
(Sarah: What is 335?)

435

Sarah
Triple Stumper
    $1200 24
Thomas Gray

Triple Stumper
    $1200 10
Michael McDonald

Triple Stumper
    $1200 5
Wabash

Boyd
    $1200 13
kibbutz

Sarah
    $1600 29
(Boyd: What is the 19th?)

18th Amendment (Prohibition)

Boyd
Triple Stumper
    $1600 19
Congress

Jonathan
    $1600 25
the Bloomsbury Group

Triple Stumper
    $1600 11
Don McLean

Jonathan
    $1600 6
National Road

Triple Stumper
    $1600 14
Cadiz

Sarah
    $1,200 30
Valley Forge

Jonathan
    $2000 20
1787

Sarah
    $2000 26
Gerard Manley Hopkins

Triple Stumper
    $2000 12
Marilyn McCoo

Triple Stumper
    $2000 7
Evan Bayh

Boyd
    $2,000 15
(Sarah: What is...I don't know?)

"Topaz"

Sarah

Scores at the end of the Double Jeopardy! Round:

Boyd Jonathan Sarah
$10,600 $9,800 $7,400

[wagering suggestions for these scores]

Final Jeopardy! Round responses

ELEGANT WORDS
SarahWhat is posh?
$4,000
JonathanWhat is ?
$801
BoydWhat is Porte Coacher?
$9,001
posh (portside out, starboard home)

Final scores:

Boyd Jonathan Sarah
$1,599 $8,999 $11,400
3rd place: $1,000 2nd place: $2,000 New champion: $11,400

Game dynamics:

Coryat scores:

Boyd Jonathan Sarah
$10,400 $10,600 $9,400
18 R
(including 1 DD),
3 W
12 R
(including 1 DD),
1 W
15 R,
3 W
(including 1 DD)

Combined Coryat: $30,400

The J! Archive is created by fans, for fans. The Jeopardy! game show and all elements thereof, including but not limited to copyright and trademark thereto, are the property of Jeopardy Productions, Inc. and are protected under law. This website is not affiliated with, sponsored by, or operated by Jeopardy Productions, Inc. Join the discussion at JBoard.tv.